00398 a2200133 4500003000400000005001700004008004100021040000900062082001800071100003200089245008200121260004700203300001400250OSt20211022103958.0211022b ||||| |||| 00| 0 eng d coclc a954.83bKAR/A aKareem, K K Muhammed Abdul  aAli Musliyar, KM Moulaviyude Qilafath Smaranakal /cK K Muhammed Abdul Kareem aThirurangadi:bC H Muhammed & Sons,c2021. a106 pages